00329nam a2200121Ia 4500008004100000041000800041082001500049100001900064245004500083260004400128300002400172365001100196240624s9999 xx 000 0 und d aeng a657.45 LIN aLINDUP KENNETH aCOMPUTER SECURITY AND FRAUD PREVENTION A aUKbCambridge Strategy Publications Ltd a121 : p. : cm. ; 29 cRSb50